| 000 | 00715nam a2200241Ia 4500 | ||
|---|---|---|---|
| 005 | 20241129120116.0 | ||
| 008 | 241129s9999||||xx |||||||||||||| ||und|| | ||
| 020 | _a9780000991683 | ||
| 037 | _aTB | ||
| 040 |
_aSDCL _beng _cSDCL |
||
| 041 |
_aeng _2eng |
||
| 084 |
_aD65152, R4 _qSDCL |
||
| 100 |
_aDatta Supriyo _9457996 |
||
| 245 | 0 | _aLessons from nenoelectronics: A new perspective on transport-Part A: Basic concepts | |
| 250 | _a2nd | ||
| 260 |
_aChennai _bWorld Scientific _c2024 |
||
| 300 | _axxiv,251p. | ||
| 365 |
_aINR _b1195 |
||
| 490 | _aLessons from nanoscience: A lecture note series | ||
| 650 | _aElectronic Science | ||
| 942 |
_cTB _hD65152, R4 |
||
| 999 |
_c1233381 _d1233381 |
||